|
|
|
|
| LEADER |
01149aam a22003618a 4500 |
| 001 |
00032579 |
| 005 |
20171026081023.0 |
| 008 |
141013s2014 ||||||viesd |
| 020 |
# |
# |
|a 9786045015377
|
| 041 |
0 |
# |
|a vie
|
| 082 |
1 |
4 |
|a 392.109 597 167
|b TR300TH
|
| 100 |
1 |
# |
|a Chảo, Chử Chấn
|
| 245 |
1 |
0 |
|a Tri thức dân gian chăm sóc sức khỏe sinh sản cho phụ nữ và trẻ em người Phù Lá, Bắc Hà, Lào Cai
|c Chảo Chử Chấn
|
| 260 |
# |
# |
|a Hà Nội
|b Văn hóa thông tin
|c 2014
|
| 300 |
# |
# |
|a 201 tr.
|c 21 cm
|b ảnh màu
|
| 500 |
# |
# |
|a ĐTTS ghi: Hội Văn nghệ dân gian Việt Nam
|
| 653 |
# |
# |
|a Lào Cai
|
| 653 |
# |
# |
|a Chăm sóc
|
| 653 |
# |
# |
|a Người Phù Lá
|
| 653 |
# |
# |
|a Văn hóa dân gian
|
| 653 |
# |
# |
|a Việt Nam
|
| 653 |
# |
# |
|a Trẻ em
|
| 653 |
# |
# |
|a Phong tục
|
| 653 |
# |
# |
|a Phụ nữ
|
| 653 |
# |
# |
|a Sinh sản
|
| 852 |
# |
# |
|j KD.0016125
|
| 852 |
# |
# |
|b Kho đọc
|j KD.0016125
|
| 910 |
|
|
|d 13/9/2014
|
| 980 |
# |
# |
|a Trung tâm Học liệu Lê Vũ Hùng, Trường Đại học Đồng Tháp
|